000 00359 a2200157 4500
001 78982
082 _a891.4391 GHA
090 _c39516
_d39516
100 _a Asad Ullah Ghalib
245 _aDewan-e-Ghalib
_hUrdu
250 _a1
260 _aLahore
_bMaqbool Academy
_c1987
300 _axviii 469
500 _aGeneral Books
505 _aAHQ Books
942 _aNUST-CAE
_k891.4391 GHA
999 _c314055
_d314055